| 000 -CABECERA |
| Longitud fija campo de control |
01187cas a22003137a 4500 |
| 003 - IDENTIFICADOR DEL NÚMERO DE CONTROL |
| Identificador del número de control |
OSt |
| 005 - FECHA Y HORA DE LA ÚLTIMA TRANSACCIÓN |
| Fecha y hora de la última transacción |
20240304114754.0 |
| 008 - CÓDIGOS DE INFORMACIÓN DE LONGITUD FIJA |
| Códigos de información de longitud fija |
180319m2016999 spc|| | |||||0|| a0spa|d |
| 022 ## - NÚMERO INTERNACIONAL NORMALIZADO PARA PUBLICACIONES SERIADAS |
| Número Internacional Normalizado para Publicaciones Seriadas |
2462-3962 |
| ISSN-L |
2462-3962 |
| 040 ## - FUENTE DE LA CATALOGACIÓN |
| Centro catalogador de origen |
ES-BaCBU |
| Lengua de catalogación |
cat |
| Centro transcriptor |
CDMR |
| 222 #0 - TÍTULO CLAVE |
| Título clave |
Revista 5W |
| 245 00 - MENCIÓN DE TÍTULO |
| Título |
Revista 5W |
| Resto del título |
: crónicas de larga distancia |
| 246 13 - VARIANTES DE TÍTULO |
| Título propio / Título en breve |
5W |
| 246 0# - VARIANTES DE TÍTULO |
| Título propio / Título en breve |
Después de la guerra |
| 260 ## - PUBLICACIÓN, DISTRIBUCIÓN, ETC. (PIE DE IMPRENTA) |
| Lugar de publicación, distribución, etc. |
Barcelona: |
| Nombre del editor, distribuidor, etc. |
Colectivo 5W, |
| Fecha de publicación, distribución, etc. |
2016- |
| 300 ## - DESCRIPCIÓN FÍSICA |
| Extensión |
v. ; |
| Dimensiones |
20 cm |
| 310 ## - PERIODICIDAD ACTUAL |
| Periodicidad actual |
Periodicitat desconeguda |
| 500 ## - NOTA GENERAL |
| Nota general |
Descripció feta a partir de: Vol. 1 no. 1 (2016) |
| 505 8# - NOTA DE CONTENIDO CON FORMATO |
| Nota de contenido con formato |
Conté: Núm. 1, Después de la guerra ; Núm. 2, Las reglas del mundo ; Núm. 3, Diversión ; Núm. 4, Habitantes ; Núm. 5, Odio ; Núm. 6, Salud ; Núm. 7, La paz herida ; Núm. 8, Agua; Núm. 9, Jóvenes |
| 530 ## - NOTA DE FORMATO FÍSICO ADICIONAL DISPONIBLE |
| Nota de formato físico adicional disponible |
També es publica en línia |
| 650 #4 - PUNTO DE ACCESO ADICIONAL DE MATERIA - TÉRMINO DE MATERIA |
| Término de materia o nombre geográfico como elemento inicial |
Periodisme |
| 9 (RLIN) |
3919 |
| Subdivisión de forma |
Revistes |
| 650 04 - PUNTO DE ACCESO ADICIONAL DE MATERIA - TÉRMINO DE MATERIA |
| Término de materia o nombre geográfico como elemento inicial |
Corresponsals estrangers |
| 9 (RLIN) |
2802 |
| 650 00 - PUNTO DE ACCESO ADICIONAL DE MATERIA - TÉRMINO DE MATERIA |
| Término de materia o nombre geográfico como elemento inicial |
Corresponsals de guerra |
| 9 (RLIN) |
2560 |
| 650 #4 - PUNTO DE ACCESO ADICIONAL DE MATERIA - TÉRMINO DE MATERIA |
| Término de materia o nombre geográfico como elemento inicial |
Guerra i societat |
| 650 #0 - PUNTO DE ACCESO ADICIONAL DE MATERIA - TÉRMINO DE MATERIA |
| Término de materia o nombre geográfico como elemento inicial |
Política mundial |
| 9 (RLIN) |
3994 |
| 710 2# - PUNTO DE ACCESO ADICIONAL - NOMBRE DE ENTIDAD |
| Nombre de entidad o nombre de jurisdicción como elemento inicial |
Colectivo 5W |
| 856 41 - LOCALIZACIÓN Y ACCESO ELECTRÓNICO |
| Identificador Uniforme del Recurso (URI) |
<a href="http://www.revista5w.com/">http://www.revista5w.com/</a> |
| Texto del enlace |
Disponible en línia des de l'any 2016 |
| Nota pública |
(Accés en línia) |
| 942 ## - ENTRADA DE ELEMENTOS AGREGADOS (KOHA) |
| Koha [por defecto] tipo de item |
Publicacions periòdiques |
| Fuente de clasificaión o esquema |
|